Introduction a une psychothérapie des schizophrènes /

Obra que reúne las conferencias que la autora dictó en la Clínica Psiquiátrica Universitaria de Burgholzli, en Zurich, entre 1951-1952. Allí desarrolla los principios básicos y el método terapéutico para el abordaje clínico de la esquizofrenia.

Guardat en:
Dades bibliogràfiques
Autor principal: Sechehaye, M.A (autor)
Format: Llibre
Idioma:francès
Publicat: París, Francia : Presses Universitaires de France, 1954, c1954
Col·lecció:(Bibliothèque de Psychanalyse et de Psychologie Clinique)
Matèries:
Etiquetes: Afegir etiqueta
Sense etiquetes, Sigues el primer a etiquetar aquest registre!

MARC

LEADER 00000nam^a2200000^a^4500
001 000186772
005 20250521000000.0
009 20260310102236.939
037 |a Acervo ITESO - Biblioteca 
041 |a FRA 
082 |a 616. 8982  |b SEC 
100 |a Sechehaye, M.A.  |e (autor) 
245 1 0 |a Introduction a une psychothérapie des schizophrènes /  |c M.A. Sechehaye. 
264 4 |a París, Francia :  |b Presses Universitaires de France,  |c 1954, c1954 
300 |a 219 p. 
336 |a texto  |b txt  |2 rdacontenido 
337 |a sin mediación  |b n  |2 rdamedio 
338 |a volumen  |b nc  |2 rdasoporte 
440 1 |a (Bibliothèque de Psychanalyse et de Psychologie Clinique) 
520 |a Obra que reúne las conferencias que la autora dictó en la Clínica Psiquiátrica Universitaria de Burgholzli, en Zurich, entre 1951-1952. Allí desarrolla los principios básicos y el método terapéutico para el abordaje clínico de la esquizofrenia. 
649 |a XX 
650 |a Esquizofrenia -  |x Tema Principal 
650 |a Psicosis 
650 |a Psicopatología 
650 |a Psicoterapia Psicoanalítica 
650 |a Psicología Clínica 
910 |a Fondo Armando Suárez Gómez 
920 |a Impresos - Libros 
930 |a Fondos Especiales 
905 |a 111 
901 |a 0700002868  |b IT2  |c ESP  |u 20250521 
902 |a https://opac.biblio.iteso.mx/vufind/Record/000186772